<?xml version="1.0" encoding="UTF-8"?>
<record
    xmlns:xsi="http://www.w3.org/2001/XMLSchema-instance"
    xsi:schemaLocation="http://www.loc.gov/MARC21/slim http://www.loc.gov/standards/marcxml/schema/MARC21slim.xsd"
    xmlns="http://www.loc.gov/MARC21/slim">

  <leader>03126nam a22003375a 4500</leader>
  <controlfield tag="003">EG-ScBUE</controlfield>
  <controlfield tag="005">20221020101146.0</controlfield>
  <controlfield tag="008">150707s2014    enka   f b    000 0 eng d</controlfield>
  <datafield tag="020" ind1=" " ind2=" ">
    <subfield code="a">9781108068420</subfield>
  </datafield>
  <datafield tag="020" ind1=" " ind2=" ">
    <subfield code="a">9781108068413</subfield>
  </datafield>
  <datafield tag="040" ind1=" " ind2=" ">
    <subfield code="a">EG-ScBUE</subfield>
    <subfield code="b">eng</subfield>
    <subfield code="e">rda</subfield>
    <subfield code="c">EG-ScBUE</subfield>
    <subfield code="d">EG-ScBUE</subfield>
    <subfield code="d">EG-ScBUE</subfield>
  </datafield>
  <datafield tag="082" ind1="0" ind2="4">
    <subfield code="a">720.9</subfield>
    <subfield code="b">HOP</subfield>
    <subfield code="2">22</subfield>
  </datafield>
  <datafield tag="100" ind1="1" ind2=" ">
    <subfield code="a">Hope, Thomas,</subfield>
    <subfield code="d">1770?-1831,</subfield>
    <subfield code="e">author.</subfield>
    <subfield code="9">38939</subfield>
  </datafield>
  <datafield tag="245" ind1="1" ind2="3">
    <subfield code="a">An historical essay on architecture / </subfield>
    <subfield code="c">Thomas Hope.</subfield>
  </datafield>
  <datafield tag="264" ind1=" " ind2="1">
    <subfield code="a">Cambridge :</subfield>
    <subfield code="b">Cambridge University Press,</subfield>
    <subfield code="c">2014.</subfield>
  </datafield>
  <datafield tag="300" ind1=" " ind2=" ">
    <subfield code="a">2 volumes : </subfield>
    <subfield code="b">illustrations ; </subfield>
    <subfield code="c">24 cm.</subfield>
  </datafield>
  <datafield tag="490" ind1="0" ind2=" ">
    <subfield code="a">Cambridge library collection.</subfield>
    <subfield code="a">Books of enduring scholarly value</subfield>
  </datafield>
  <datafield tag="500" ind1=" " ind2=" ">
    <subfield code="a">Illustrated from drawings made by him in Italy and Germany.</subfield>
  </datafield>
  <datafield tag="500" ind1=" " ind2=" ">
    <subfield code="a">This digitally printed version 2014.</subfield>
  </datafield>
  <datafield tag="500" ind1=" " ind2=" ">
    <subfield code="a">Volume 1 includes general index : p. 493-525.</subfield>
  </datafield>
  <datafield tag="500" ind1=" " ind2=" ">
    <subfield code="a">Volume 2 includes analytical index : (89 page).</subfield>
  </datafield>
  <datafield tag="504" ind1=" " ind2=" ">
    <subfield code="a">Includes bibliographical references.</subfield>
  </datafield>
  <datafield tag="505" ind1=" " ind2=" ">
    <subfield code="a">Volume 1. [Text] -- Volume 2. Illustrations.</subfield>
  </datafield>
  <datafield tag="520" ind1=" " ind2=" ">
    <subfield code="a">Cover-Volume 1 : "With a fondness for classic antiquities and neoclassical design, the connoisseur Thomas Hope (1769-1831) sought to influence Georgian taste by promoting informed interior decoration, displaying his own considerable art collection, and writing with insight on aesthetic topics. 
This two-volume work, originally published posthumously in 1835, traces the evolution of Western architecture since antiquity. Hope was a keen traveller, and the examples he cites are drawn from buildings that he studied on journeys through Europe and beyond, notably in those countries bordering the Mediterranean. Reissued here in the third edition that appeared in 1840, Volume 1 examines how religions, climates, landscapes and prevailing mores shaped the architectural preferences of civilisations from ancient Egypt to the Gothic revival, as well as how different cultures adapted foreign or ancient architectural innovations for their own ends.".    </subfield>
  </datafield>
  <datafield tag="520" ind1=" " ind2=" ">
    <subfield code="a">Cover-Volume 2 : "With a fondness for classic antiquities and neoclassical design, the connoisseur Thomas Hope (1769-1831) sought to influence Georgian taste by promoting informed interior decoration, displaying his own considerable art collection, and writing with insight on aesthetic topics. 
This two-volume work, originally published posthumously in 1835, traces the evolution of Western architecture since antiquity. Hope was a keen traveller, and the examples he cites are drawn from buildings that he studied on journeys through Europe and beyond, notably in those countries bordering the Mediterranean. Volume 2 Contains the precise line drawings that accompanied the first edition, showcasing many western European and ecclesiastical buildings and details. The work's analytical index, which appeared in 1836, is illustrated with wood engravings of feature mentioned in the text and has been incorporated in this reissue.".   </subfield>
  </datafield>
  <datafield tag="650" ind1=" " ind2="7">
    <subfield code="a">Architecture</subfield>
    <subfield code="x">History.</subfield>
    <subfield code="2">BUEsh</subfield>
  </datafield>
  <datafield tag="651" ind1=" " ind2=" ">
    <subfield code="2">BUEsh</subfield>
  </datafield>
  <datafield tag="653" ind1=" " ind2=" ">
    <subfield code="b">ENGGEN</subfield>
    <subfield code="b">ENGARC</subfield>
    <subfield code="c">July2015</subfield>
    <subfield code="c">December2015</subfield>
    <subfield code="c">February2016</subfield>
  </datafield>
  <datafield tag="655" ind1=" " ind2=" ">
    <subfield code="v">Reading book</subfield>
  </datafield>
  <datafield tag="942" ind1=" " ind2=" ">
    <subfield code="2">ddc</subfield>
    <subfield code="c">BB</subfield>
  </datafield>
  <datafield tag="999" ind1=" " ind2=" ">
    <subfield code="c">20264</subfield>
    <subfield code="d">20236</subfield>
  </datafield>
  <datafield tag="952" ind1=" " ind2=" ">
    <subfield code="0">0</subfield>
    <subfield code="1">0</subfield>
    <subfield code="2">ddc</subfield>
    <subfield code="4">0</subfield>
    <subfield code="7">0</subfield>
    <subfield code="8">Baccah</subfield>
    <subfield code="a">MAIN</subfield>
    <subfield code="b">MAIN</subfield>
    <subfield code="c">2ND</subfield>
    <subfield code="d">2015-07-07</subfield>
    <subfield code="e">Purchase</subfield>
    <subfield code="g">1269.00</subfield>
    <subfield code="h">21761</subfield>
    <subfield code="l">1</subfield>
    <subfield code="m">48</subfield>
    <subfield code="o">720.9 HOP</subfield>
    <subfield code="p">000039455</subfield>
    <subfield code="r">2025-07-15 00:00:00</subfield>
    <subfield code="s">2016-10-16</subfield>
    <subfield code="v">1586.00</subfield>
    <subfield code="y">BB</subfield>
    <subfield code="z">VOL. 1.</subfield>
  </datafield>
  <datafield tag="952" ind1=" " ind2=" ">
    <subfield code="0">0</subfield>
    <subfield code="1">0</subfield>
    <subfield code="2">ddc</subfield>
    <subfield code="4">0</subfield>
    <subfield code="7">0</subfield>
    <subfield code="8">Baccah</subfield>
    <subfield code="a">MAIN</subfield>
    <subfield code="b">MAIN</subfield>
    <subfield code="c">2ND</subfield>
    <subfield code="d">2015-07-07</subfield>
    <subfield code="e">Purchase</subfield>
    <subfield code="g">1269.00</subfield>
    <subfield code="h">21761</subfield>
    <subfield code="l">0</subfield>
    <subfield code="o">720.9 HOP</subfield>
    <subfield code="p">000039454</subfield>
    <subfield code="r">2025-07-15 00:00:00</subfield>
    <subfield code="v">1586.00</subfield>
    <subfield code="y">BB</subfield>
    <subfield code="z">VOL. 2.</subfield>
  </datafield>
</record>
